| 000 | 00451nam a2200181Ia 4500 | ||
|---|---|---|---|
| 005 | 20250423095005.0 | ||
| 008 | 250422s9999 xx 000 0 und d | ||
| 020 | _a0072369647 | ||
| 050 | _aQA 76.73 .J38 .C657/ | ||
| 100 | _aCollins, William J. | ||
| 245 | 0 | _aData structures and the java collections framework | |
| 260 | _aNew York | ||
| 260 | _bMcGraw Hill | ||
| 260 | _c2002 | ||
| 300 | _a716 p | ||
| 650 | _aData Structures | ||
| 942 | _cBK | ||
| 999 |
_c28904 _d28904 |
||